[Event "Portugal Open Semirrapidas"]
[Site "Lisboa POR"]
[Date "2020.02.02"]
[Round "5.15"]
[White "GUERREIRO, Nuno"]
[Black "BUTKIEWICZ, Lukasz"]
[Result "1/2-1/2"]
[BlackElo "2294"]
[WhiteElo "2054"]
[LiveChessVersion "1.4.8"]

1. Nf3 {[%clk 0:15:08]} Nf6 {[%clk 0:15:08]} 2. g3 {[%clk 0:15:12]} e6
{[%clk 0:15:12]} 3. Bg2 {[%clk 0:15:15]} d5 {[%clk 0:15:16]} 4. O-O
{[%clk 0:15:15]} Be7 {[%clk 0:15:19]} 5. d4 {[%clk 0:14:48]} O-O {[%clk 0:15:21]}
6. b3 {[%clk 0:14:47]} c5 {[%clk 0:15:19]} 7. dxc5 {[%clk 0:13:58]} Bxc5
{[%clk 0:15:21]} 8. e3 {[%clk 0:14:00]} Nc6 {[%clk 0:15:23]} 9. Bb2
{[%clk 0:14:04]} b6 {[%clk 0:15:21]} 10. Nd4 {[%clk 0:13:46]} Nxd4
{[%clk 0:15:17]} 11. Bxd4 {[%clk 0:13:27]} Bb7 {[%clk 0:15:10]} 12. c4
{[%clk 0:13:16]} Qe7 {[%clk 0:15:10]} 13. cxd5 {[%clk 0:13:17]} Bxd5
{[%clk 0:14:59]} 14. Bxd5 {[%clk 0:12:35]} Nxd5 {[%clk 0:15:03]} 15. Nc3
{[%clk 0:11:38]} Nxc3 {[%clk 0:14:52]} 16. Bxc3 {[%clk 0:11:41]} Rac8
{[%clk 0:14:55]} 17. Bb2 {[%clk 0:10:02]} Rfd8 {[%clk 0:14:07]} 18. Qe2
{[%clk 0:09:49]} Qb7 {[%clk 0:14:05]} 19. Rfd1 {[%clk 0:09:43]} Bf8
{[%clk 0:13:59]} 20. Rxd8 {[%clk 0:09:30]} Rxd8 {[%clk 0:14:03]} 21. Rd1
{[%clk 0:09:10]} Rc8 {[%clk 0:14:03]} 22. Rc1 {[%clk 0:09:03]} Rxc1+
{[%clk 0:14:02]} 23. Bxc1 {[%clk 0:09:07]} Qe4 {[%clk 0:14:06]} 24. Qb2
{[%clk 0:08:28]} h5 {[%clk 0:14:02]} 25. h4 {[%clk 0:08:29]} g6 {[%clk 0:13:47]}
26. Qd2 {[%clk 0:07:48]} Bg7 {[%clk 0:13:46]} 27. Kh2 {[%clk 0:07:50]} Be5
{[%clk 0:13:39]} 28. Kg1 {[%clk 0:06:51]} Bf6 {[%clk 0:13:04]} 29. Ba3
{[%clk 0:06:36]} Bg7 {[%clk 0:12:37]} 30. Qd8+ {[%clk 0:06:07]} Kh7
{[%clk 0:12:40]} 31. Qd2 {[%clk 0:06:10]} a5 {[%clk 0:11:36]} 32. Kh2
{[%clk 0:06:08]} Qb1 {[%clk 0:11:31]} 33. Be7 {[%clk 0:05:27]} Qe4
{[%clk 0:11:25]} 34. Bd8 {[%clk 0:04:58]} Qc6 {[%clk 0:11:05]} 35. Be7
{[%clk 0:04:42]} a4 {[%clk 0:10:41]} 36. bxa4 {[%clk 0:04:29]} Qxa4
{[%clk 0:10:45]} 37. Bd8 {[%clk 0:04:15]} b5 {[%clk 0:10:47]} 38. Be7
{[%clk 0:04:15]} Qc4 {[%clk 0:10:45]} 39. Bd6 {[%clk 0:04:08]} Qc3
{[%clk 0:10:42]} 40. Qxc3 {[%clk 0:03:46]} Bxc3 {[%clk 0:10:46]} 41. e4
{[%clk 0:03:48]} Kg7 {[%clk 0:10:36]} 42. f3 {[%clk 0:03:40]} f5 {[%clk 0:10:33]}
43. Kg2 {[%clk 0:03:39]} Kf7 {[%clk 0:10:34]} 44. Kf2 {[%clk 0:03:28]} Ke8
{[%clk 0:10:35]} 45. exf5 {[%clk 0:03:09]} exf5 {[%clk 0:10:37]} 46. Ke3
{[%clk 0:03:09]} Kd7 {[%clk 0:10:41]} 47. Bb8 {[%clk 0:03:10]} Ke6
{[%clk 0:10:32]} 48. Kd3 {[%clk 0:03:04]} Bb2 {[%clk 0:10:05]} 49. Ke3
{[%clk 0:02:54]} Kd5 {[%clk 0:10:07]} 50. Kd3 {[%clk 0:02:50]} Bg7
{[%clk 0:09:45]} 51. Bc7 {[%clk 0:02:39]} Kc5 {[%clk 0:09:48]} 52. Bb8
{[%clk 0:02:29]} b4 {[%clk 0:09:48]} 53. Bf4 {[%clk 0:02:02]} Kb5
{[%clk 0:09:37]} 54. Bd6 {[%clk 0:01:21]} Bb2 {[%clk 0:09:24]} 55. Kc2
{[%clk 0:01:21]} Bd4 {[%clk 0:09:24]} 56. Kb3 {[%clk 0:01:19]} Bc5
{[%clk 0:09:14]} 57. Be5 {[%clk 0:00:59]} Bf2 {[%clk 0:09:03]} 58. Bd6
{[%clk 0:00:59]} Be1 {[%clk 0:09:07]} 59. Be5 {[%clk 0:00:55]} Bd2
{[%clk 0:09:02]} 1/2-1/2

[Event "Portugal Open Semirrapidas"]
[Site "Lisboa POR"]
[Date "2020.02.02"]
[Round "5.16"]
[White "GAHAN, M G"]
[Black "CHENNAOUI, Yasin"]
[Result "0-1"]
[BlackElo "2076"]
[WhiteElo "2292"]
[LiveChessVersion "1.4.8"]

1. e4 {[%clk 0:15:05]} d6 {[%clk 0:15:03]} 2. Nc3 {[%clk 0:15:08]} c5
{[%clk 0:15:06]} 3. f4 {[%clk 0:15:08]} g6 {[%clk 0:15:09]} 4. Nf3
{[%clk 0:15:12]} Bg7 {[%clk 0:15:13]} 5. Bc4 {[%clk 0:15:14]} Nc6
{[%clk 0:15:16]} 6. O-O {[%clk 0:15:17]} e6 {[%clk 0:15:19]} 7. f5
{[%clk 0:15:15]} exf5 {[%clk 0:14:20]} 8. d3 {[%clk 0:15:18]} Nf6
{[%clk 0:13:10]} 9. Qe1 {[%clk 0:15:07]} O-O {[%clk 0:12:19]} 10. Qh4
{[%clk 0:14:40]} Na5 {[%clk 0:09:57]} 11. Bg5 {[%clk 0:14:07]} h6
{[%clk 0:09:31]} 12. exf5 {[%clk 0:11:12]} hxg5 {[%clk 0:08:47]} 13. Nxg5
{[%clk 0:11:16]} Nxc4 {[%clk 0:08:49]} 14. fxg6 {[%clk 0:11:05]} fxg6
{[%clk 0:08:17]} 15. dxc4 {[%clk 0:10:15]} Nh5 {[%clk 0:05:51]} 16. g4
{[%clk 0:09:27]} Bh6 {[%clk 0:03:05]} 17. Rxf8+ {[%clk 0:08:38]} Kxf8
{[%clk 0:03:08]} 18. Nce4 {[%clk 0:08:29]} Qd7 {[%clk 0:02:12]} 19. Rf1+
{[%clk 0:08:25]} Ke8 {[%clk 0:02:01]} 20. Nf6+ {[%clk 0:08:29]} Nxf6
{[%clk 0:02:04]} 21. Qxh6 {[%clk 0:08:18]} Qxg4+ {[%clk 0:01:38]} 22. Kh1
{[%clk 0:08:23]} Bf5 {[%clk 0:00:34]} 23. Qh8+ {[%clk 0:07:58]} Kd7
{[%clk 0:00:38]} 24. Qxf6 {[%clk 0:07:00]} Re8 {[%clk 0:00:43]} 25. Nf3
{[%clk 0:05:59]} Re2 {[%clk 0:00:17]} 26. Qg5 {[%clk 0:05:20]} Qh3
{[%clk 0:00:07]} 27. Qg1 Be4 0-1

[Event "Portugal Open Semirrapidas"]
[Site "Lisboa POR"]
[Date "2020.02.02"]
[Round "5.17"]
[White "LEAO, Tiago"]
[Black "SOUSA, Andre V"]
[Result "0-1"]
[BlackElo "2281"]
[WhiteElo "2050"]
[LiveChessVersion "1.4.8"]

1. d4 {[%clk 0:15:04]} Nf6 2. Bf4 {[%clk 0:15:00]} g6 {[%clk 0:15:04]} 3. Nf3
{[%clk 0:14:57]} Bg7 {[%clk 0:15:08]} 4. e3 {[%clk 0:14:55]} d6 {[%clk 0:15:10]}
5. Bd3 {[%clk 0:14:47]} b6 {[%clk 0:15:03]} 6. Qe2 {[%clk 0:14:39]} Bb7
{[%clk 0:14:57]} 7. Nbd2 {[%clk 0:14:31]} Nd5 {[%clk 0:14:30]} 8. Bg3
{[%clk 0:13:44]} Nb4 {[%clk 0:14:33]} 9. O-O {[%clk 0:13:22]} Nxd3
{[%clk 0:14:36]} 10. cxd3 {[%clk 0:13:27]} O-O {[%clk 0:14:37]} 11. e4
{[%clk 0:12:39]} c5 12. Nb3 {[%clk 0:12:23]} a5 {[%clk 0:14:18]} 13. a4
{[%clk 0:11:19]} Nc6 {[%clk 0:14:14]} 14. d5 {[%clk 0:10:12]} Nb4
{[%clk 0:14:17]} 15. Rfc1 {[%clk 0:09:32]} Rc8 {[%clk 0:14:15]} 16. d4
{[%clk 0:08:46]} Ba6 {[%clk 0:14:12]} 17. Qd2 {[%clk 0:08:47]} c4
{[%clk 0:14:15]} 18. Nxa5 {[%clk 0:06:25]} bxa5 {[%clk 0:14:19]} 19. Rc3
{[%clk 0:06:25]} f5 {[%clk 0:14:13]} 20. Bf4 fxe4 {[%clk 0:14:15]} 21. Ng5
{[%clk 0:06:13]} Nxd5 {[%clk 0:14:08]} 22. Ne6 {[%clk 0:05:55]} Qd7
{[%clk 0:14:12]} 23. Nxf8 {[%clk 0:05:49]} Rxf8 {[%clk 0:14:16]} 24. Bh6
{[%clk 0:04:14]} Nxc3 {[%clk 0:14:16]} 25. Bxg7 {[%clk 0:04:18]} Kxg7
{[%clk 0:14:15]} 26. Qxc3 {[%clk 0:04:22]} Qf5 {[%clk 0:14:11]} 27. d5+
{[%clk 0:03:33]} Kg8 {[%clk 0:14:11]} 28. Qe3 {[%clk 0:03:18]} Qxd5
{[%clk 0:14:12]} 29. Qb6 {[%clk 0:03:18]} Bb7 {[%clk 0:14:11]} 0-1

[Event "Portugal Open Semirrapidas"]
[Site "Lisboa POR"]
[Date "2020.02.02"]
[Round "5.18"]
[White "MALOBERTI, David"]
[Black "ASADLI, Vugar"]
[Result "0-1"]
[BlackElo "2273"]
[WhiteElo "1975"]
[LiveChessVersion "1.4.8"]

1. d4 {[%clk 0:15:09]} g6 {[%clk 0:15:09]} 2. c4 {[%clk 0:15:12]} Bg7
{[%clk 0:15:13]} 3. Nf3 {[%clk 0:15:13]} d6 {[%clk 0:15:15]} 4. Nc3
{[%clk 0:15:15]} Bg4 {[%clk 0:15:19]} 5. e3 {[%clk 0:14:42]} Nf6 {[%clk 0:15:21]}
6. Be2 {[%clk 0:14:47]} O-O {[%clk 0:15:24]} 7. h3 {[%clk 0:14:48]} Bf5
{[%clk 0:15:27]} 8. Nh4 {[%clk 0:14:44]} Bd7 {[%clk 0:15:30]} 9. e4
{[%clk 0:14:41]} e5 {[%clk 0:15:30]} 10. d5 {[%clk 0:14:42]} Nxe4
{[%clk 0:14:56]} 11. Nxe4 {[%clk 0:14:45]} Qxh4 {[%clk 0:15:00]} 12. Bf3
{[%clk 0:14:43]} Qe7 {[%clk 0:15:02]} 13. Qb3 {[%clk 0:14:46]} b6
{[%clk 0:15:04]} 14. a4 {[%clk 0:14:49]} f5 {[%clk 0:15:01]} 15. Nc3
{[%clk 0:14:50]} Na6 {[%clk 0:15:03]} 16. a5 {[%clk 0:14:51]} Nc5
{[%clk 0:15:07]} 17. Qc2 {[%clk 0:14:56]} e4 {[%clk 0:15:07]} 18. Be2
{[%clk 0:15:00]} Nd3+ {[%clk 0:15:11]} 19. Kf1 {[%clk 0:15:01]} Rae8
{[%clk 0:15:09]} 20. Bd2 {[%clk 0:14:56]} Nxf2 {[%clk 0:15:11]} 21. Kxf2
{[%clk 0:14:58]} e3+ {[%clk 0:15:15]} 22. Bxe3 {[%clk 0:15:02]} Qxe3+
{[%clk 0:15:19]} 23. Kf1 {[%clk 0:15:06]} Bd4 {[%clk 0:15:23]} 24. Ke1
{[%clk 0:15:06]} Qf2+ {[%clk 0:15:26]} 25. Kd1 {[%clk 0:15:11]} Qxg2
{[%clk 0:15:26]} 26. Rf1 {[%clk 0:15:12]} f4 {[%clk 0:15:26]} 27. axb6
{[%clk 0:15:13]} f3 {[%clk 0:15:20]} 28. Bd3 {[%clk 0:15:16]} axb6
{[%clk 0:15:23]} 29. Ra7 {[%clk 0:15:11]} f2 {[%clk 0:15:27]} 30. Qd2
{[%clk 0:14:25]} Bxh3 {[%clk 0:15:18]} 31. Rxc7 {[%clk 0:14:27]} Bg4+
{[%clk 0:15:09]} 32. Kc2 {[%clk 0:14:23]} Be3 {[%clk 0:15:03]} 33. Be4
{[%clk 0:14:12]} Rxe4 {[%clk 0:15:03]} 34. Qd3 {[%clk 0:14:17]} Bf5
{[%clk 0:15:01]} 35. Kb3 {[%clk 0:14:20]} Re7 {[%clk 0:15:05]} 36. Qe2
{[%clk 0:14:18]} Rxc7 {[%clk 0:15:08]} 37. Nb5 {[%clk 0:14:21]} Re7
{[%clk 0:15:11]} 38. Nxd6 {[%clk 0:14:22]} Bg4 {[%clk 0:15:11]} 39. Qd3
{[%clk 0:14:25]} Bc5 {[%clk 0:15:14]} 40. Ne4 {[%clk 0:14:27]} Rxe4
{[%clk 0:15:17]} 41. Rxf2 {[%clk 0:14:32]} Rxf2 {[%clk 0:15:18]} 42. d6
{[%clk 0:14:29]} Rxb2+ {[%clk 0:15:21]} 43. Ka4 {[%clk 0:14:33]} Bd7#
{[%clk 0:15:21]} 0-1

[Event "Portugal Open Semirrapidas"]
[Site "Lisboa POR"]
[Date "2020.02.02"]
[Round "5.19"]
[White "MARTINS, Diogo"]
[Black "ULYANOVSKYY, Viktor"]
[Result "0-1"]
[BlackElo "2236"]
[WhiteElo "1967"]
[LiveChessVersion "1.4.8"]

1. e4 {[%clk 0:15:09]} Nf6 {[%clk 0:15:10]} 2. Nc3 {[%clk 0:15:02]} d6
{[%clk 0:15:14]} 3. d4 {[%clk 0:15:04]} c6 {[%clk 0:15:18]} 4. a4
{[%clk 0:15:05]} Qa5 {[%clk 0:15:11]} 5. Bd2 {[%clk 0:14:56]} Qb6
{[%clk 0:15:10]} 6. Nf3 {[%clk 0:14:46]} Bg4 {[%clk 0:15:13]} 7. Bc1
{[%clk 0:13:59]} Nbd7 {[%clk 0:14:59]} 8. Be2 {[%clk 0:13:50]} e5
{[%clk 0:15:01]} 9. dxe5 {[%clk 0:13:49]} dxe5 {[%clk 0:15:04]} 10. O-O
{[%clk 0:13:44]} Bb4 {[%clk 0:15:05]} 11. Be3 {[%clk 0:13:00]} Qa5
{[%clk 0:14:30]} 12. Bd2 {[%clk 0:12:14]} Rd8 {[%clk 0:14:26]} 13. h3
{[%clk 0:11:55]} Bxf3 {[%clk 0:13:57]} 14. Bxf3 {[%clk 0:11:57]} Nc5
{[%clk 0:13:49]} 15. Qe2 {[%clk 0:11:57]} Ne6 {[%clk 0:13:50]} 16. Be3
{[%clk 0:11:13]} O-O {[%clk 0:13:25]} 17. Na2 Bc5 {[%clk 0:13:11]} 18. Bxc5
{[%clk 0:10:09]} Qxc5 {[%clk 0:13:12]} 19. b4 {[%clk 0:10:06]} Qd4
{[%clk 0:12:47]} 20. c3 {[%clk 0:10:08]} Qd2 {[%clk 0:12:49]} 21. Qc4
{[%clk 0:09:24]} Ng5 {[%clk 0:11:33]} 22. Rad1 {[%clk 0:08:16]} Qf4
{[%clk 0:11:27]} 23. Qe2 {[%clk 0:07:02]} Nfxe4 {[%clk 0:11:08]} 24. Bxe4
{[%clk 0:06:56]} Nxe4 {[%clk 0:11:00]} 25. g3 {[%clk 0:06:30]} Qf5
{[%clk 0:10:47]} 26. Rxd8 {[%clk 0:06:30]} Rxd8 {[%clk 0:10:51]} 27. Re1
{[%clk 0:06:32]} Nf6 {[%clk 0:10:32]} 28. c4 h5 {[%clk 0:09:16]} 29. Kg2
{[%clk 0:05:05]} e4 30. Nc3 {[%clk 0:04:59]} Rd4 {[%clk 0:08:53]} 31. Nd1
{[%clk 0:03:46]} Qd7 {[%clk 0:08:26]} 32. Nc3 {[%clk 0:03:23]} Qe6
{[%clk 0:08:19]} 33. b5 {[%clk 0:02:09]} Qxc4 {[%clk 0:07:43]} 34. Qb2
{[%clk 0:01:25]} c5 {[%clk 0:06:34]} 35. Ne2 {[%clk 0:00:48]} Qb4
{[%clk 0:05:43]} 36. Qa1 {[%clk 0:00:48]} Rd2 {[%clk 0:05:43]} 37. Nf4
{[%clk 0:00:48]} e3 {[%clk 0:05:43]} 38. Qe5 {[%clk 0:00:48]} Rxf2+
{[%clk 0:05:43]} 39. Kg1 {[%clk 0:00:48]} Qd4 {[%clk 0:05:43]} 40. Qb8+
{[%clk 0:00:48]} Kh7 {[%clk 0:05:43]} 0-1

[Event "Portugal Open Semirrapidas"]
[Site "Lisboa POR"]
[Date "2020.02.02"]
[Round "5.20"]
[White "ROCHA, Sergio"]
[Black "FERNANDES, Joao Pedro"]
[Result "1-0"]
[BlackElo "2021"]
[WhiteElo "2226"]
[LiveChessVersion "1.4.8"]

1. d4 {[%clk 0:15:09]} Nf6 {[%clk 0:15:08]} 2. Nf3 {[%clk 0:15:13]} e6
{[%clk 0:15:11]} 3. Bg5 {[%clk 0:15:14]} c5 {[%clk 0:15:05]} 4. e3
{[%clk 0:15:14]} Nc6 {[%clk 0:14:57]} 5. c3 {[%clk 0:15:17]} Be7 {[%clk 0:14:40]}
6. Nbd2 {[%clk 0:15:18]} O-O {[%clk 0:14:32]} 7. Bd3 {[%clk 0:15:22]} h6
{[%clk 0:14:21]} 8. Bh4 {[%clk 0:15:12]} cxd4 {[%clk 0:14:18]} 9. exd4
{[%clk 0:15:11]} d6 {[%clk 0:14:06]} 10. O-O {[%clk 0:15:12]} Nd5
{[%clk 0:13:35]} 11. Bg3 {[%clk 0:15:15]} f5 {[%clk 0:13:04]} 12. h3
{[%clk 0:15:17]} Bf6 {[%clk 0:11:41]} 13. Re1 {[%clk 0:15:19]} Re8
{[%clk 0:09:33]} 14. Nc4 {[%clk 0:15:17]} Be7 {[%clk 0:08:57]} 15. a4
{[%clk 0:15:19]} b6 {[%clk 0:08:15]} 16. Qb3 {[%clk 0:15:13]} Kh8
{[%clk 0:07:25]} 17. Rad1 {[%clk 0:15:13]} f4 {[%clk 0:05:27]} 18. Bh2
{[%clk 0:15:15]} Bf8 {[%clk 0:04:31]} 19. Bb1 {[%clk 0:15:10]} Ba6
{[%clk 0:04:19]} 20. Ncd2 {[%clk 0:15:00]} Na5 {[%clk 0:03:11]} 21. Qc2
{[%clk 0:14:59]} Nf6 {[%clk 0:03:13]} 22. Ne4 {[%clk 0:14:41]} Kg8
{[%clk 0:03:14]} 23. Bxf4 {[%clk 0:14:38]} Bb7 {[%clk 0:03:08]} 24. Qe2
{[%clk 0:13:07]} Nxe4 {[%clk 0:02:57]} 25. Bxe4 {[%clk 0:13:09]} Bxe4
{[%clk 0:02:54]} 26. Qxe4 {[%clk 0:13:13]} Qf6 {[%clk 0:02:49]} 27. Bg3
{[%clk 0:13:11]} Qf5 {[%clk 0:01:51]} 28. Qe2 {[%clk 0:13:06]} Nc6
{[%clk 0:01:38]} 29. Nd2 {[%clk 0:12:54]} e5 {[%clk 0:01:32]} 30. Qc4+
{[%clk 0:12:53]} d5 {[%clk 0:01:25]} 31. Qxc6 {[%clk 0:12:50]} 1-0

[Event "Portugal Open Semirrapidas"]
[Site "Lisboa POR"]
[Date "2020.02.02"]
[Round "5.21"]
[White "FIDALGO, Andre Neves"]
[Black "CORREIA, Mario Rui"]
[Result "1-0"]
[BlackElo "1979"]
[WhiteElo "2190"]
[LiveChessVersion "1.4.8"]

1. d4 {[%clk 0:15:07]} c5 {[%clk 0:15:13]} 2. d5 {[%clk 0:14:57]} g6
{[%clk 0:15:17]} 3. g3 {[%clk 0:14:59]} Bg7 {[%clk 0:15:20]} 4. Bg2
{[%clk 0:15:03]} d6 {[%clk 0:15:23]} 5. c4 {[%clk 0:15:05]} f5 {[%clk 0:15:26]}
6. Nc3 {[%clk 0:14:59]} Bxc3+ {[%clk 0:15:26]} 7. bxc3 {[%clk 0:14:59]} Qa5
{[%clk 0:15:26]} 8. Qd3 Nf6 {[%clk 0:15:36]} 9. Nf3 {[%clk 0:13:08]} Nbd7
{[%clk 0:15:40]} 10. O-O {[%clk 0:13:01]} Nb6 {[%clk 0:15:43]} 11. Nd2
{[%clk 0:12:47]} Bd7 {[%clk 0:15:44]} 12. e4 {[%clk 0:10:03]} fxe4
{[%clk 0:15:26]} 13. Nxe4 {[%clk 0:10:07]} Nxe4 {[%clk 0:15:24]} 14. Qxe4
{[%clk 0:10:11]} O-O-O {[%clk 0:15:22]} 15. Qxe7 {[%clk 0:08:47]} Nxc4
{[%clk 0:15:01]} 16. Bf4 {[%clk 0:08:48]} Rde8 {[%clk 0:14:42]} 17. Qg7
{[%clk 0:08:50]} Rhg8 {[%clk 0:13:48]} 18. Qh6 {[%clk 0:07:45]} Qd8
{[%clk 0:12:38]} 19. Bg5 {[%clk 0:07:44]} Qc7 {[%clk 0:12:42]} 20. Rfe1
{[%clk 0:07:16]} Ne5 {[%clk 0:12:23]} 21. Bd2 {[%clk 0:05:52]} Bf5
{[%clk 0:11:15]} 22. Qh4 {[%clk 0:04:37]} Qd7 {[%clk 0:10:56]} 23. Bf4
{[%clk 0:02:54]} Nd3 {[%clk 0:09:28]} 24. Red1 {[%clk 0:02:59]} c4
{[%clk 0:07:17]} 25. Be3 {[%clk 0:03:00]} Ne5 {[%clk 0:06:25]} 26. Qd4
{[%clk 0:02:49]} b6 {[%clk 0:06:10]} 27. f4 {[%clk 0:02:25]} Ng4 {[%clk 0:06:11]}
28. Qxc4+ {[%clk 0:02:29]} Kb8 {[%clk 0:06:15]} 29. Bd4 {[%clk 0:02:33]} Rc8
{[%clk 0:05:29]} 30. Qb4 {[%clk 0:02:26]} Rge8 {[%clk 0:05:19]} 31. Re1
{[%clk 0:02:30]} h5 {[%clk 0:05:03]} 32. a4 {[%clk 0:02:28]} Ka8 {[%clk 0:04:56]}
33. Bf1 {[%clk 0:02:13]} Rxe1 {[%clk 0:04:42]} 34. Rxe1 {[%clk 0:02:17]} Re8
{[%clk 0:04:46]} 35. Rxe8+ {[%clk 0:02:14]} Qxe8 {[%clk 0:04:50]} 36. Qxd6
{[%clk 0:02:08]} Qd7 {[%clk 0:04:52]} 37. Qxd7 {[%clk 0:01:49]} Bxd7
{[%clk 0:04:56]} 38. Bb5 {[%clk 0:01:54]} Bxb5 {[%clk 0:04:37]} 39. axb5 Kb7
{[%clk 0:04:41]} 40. h3 {[%clk 0:01:47]} Nh6 {[%clk 0:04:45]} 41. Kf2
{[%clk 0:01:48]} Nf5 {[%clk 0:04:50]} 42. Be5 {[%clk 0:01:52]} a5
{[%clk 0:04:52]} 43. bxa6+ {[%clk 0:01:56]} Kxa6 {[%clk 0:04:56]} 44. g4
{[%clk 0:01:59]} hxg4 {[%clk 0:05:00]} 45. hxg4 {[%clk 0:02:03]} Ne7
{[%clk 0:04:58]} 46. d6 {[%clk 0:01:53]} Nc6 {[%clk 0:05:01]} 47. d7
{[%clk 0:01:57]} Kb7 {[%clk 0:04:58]} 48. Bf6 {[%clk 0:02:01]} Kc7
{[%clk 0:04:54]} 49. d8=Q+ {[%clk 0:02:04]} Nxd8 {[%clk 0:04:57]} 50. Bxd8+
{[%clk 0:02:08]} Kxd8 {[%clk 0:05:01]} 51. Ke3 {[%clk 0:02:12]} Kd7
{[%clk 0:05:05]} 52. Kd4 {[%clk 0:02:16]} Kd6 {[%clk 0:05:10]} 53. f5 Kd5+ 54.
Ke4+ 1-0

[Event "Portugal Open Semirrapidas"]
[Site "Lisboa POR"]
[Date "2020.02.02"]
[Round "5.22"]
[White "MONTEIRO, Paulo"]
[Black "FERREIRA, Luis Pedro"]
[Result "1/2-1/2"]
[BlackElo "2170"]
[WhiteElo "1849"]
[LiveChessVersion "1.4.8"]

1. e4 {[%clk 0:15:08]} e6 {[%clk 0:15:08]} 2. b3 {[%clk 0:15:10]} d5
{[%clk 0:15:07]} 3. Bb2 {[%clk 0:15:13]} dxe4 {[%clk 0:15:03]} 4. Nc3
{[%clk 0:15:16]} Nf6 {[%clk 0:15:06]} 5. Qe2 {[%clk 0:15:19]} Be7
{[%clk 0:15:03]} 6. Nxe4 {[%clk 0:15:09]} Nbd7 {[%clk 0:15:03]} 7. O-O-O
{[%clk 0:14:46]} a5 {[%clk 0:14:47]} 8. a4 {[%clk 0:14:40]} b6 {[%clk 0:14:17]}
9. Nxf6+ {[%clk 0:14:26]} Bxf6 {[%clk 0:14:17]} 10. d4 {[%clk 0:14:28]} Bb7
{[%clk 0:14:15]} 11. Nf3 {[%clk 0:14:22]} O-O {[%clk 0:13:43]} 12. Qe3
{[%clk 0:13:35]} c5 {[%clk 0:13:39]} 13. Bb5 {[%clk 0:13:18]} Bxf3
{[%clk 0:07:20]} 14. Qxf3 {[%clk 0:12:45]} cxd4 {[%clk 0:07:14]} 15. Bxd4
{[%clk 0:11:45]} Bxd4 {[%clk 0:07:11]} 16. Rxd4 {[%clk 0:11:47]} Qg5+
{[%clk 0:07:15]} 17. Qf4 {[%clk 0:11:32]} Qxf4+ {[%clk 0:07:08]} 18. Rxf4
{[%clk 0:11:35]} Nc5 {[%clk 0:07:09]} 19. Rd4 {[%clk 0:11:24]} Rfd8
{[%clk 0:07:01]} 20. Rhd1 {[%clk 0:11:25]} Rxd4 {[%clk 0:07:03]} 21. Rxd4
{[%clk 0:11:29]} Kf8 {[%clk 0:07:07]} 22. f3 {[%clk 0:11:12]} Ke7
{[%clk 0:07:09]} 23. Kb2 {[%clk 0:10:34]} Rc8 {[%clk 0:06:34]} 24. c3
{[%clk 0:10:04]} Rc7 {[%clk 0:05:49]} 25. b4 {[%clk 0:09:16]} Nb7
{[%clk 0:05:53]} 26. Rc4 {[%clk 0:09:06]} Rxc4 {[%clk 0:05:43]} 27. Bxc4
{[%clk 0:09:10]} f6 {[%clk 0:05:41]} 28. Bd3 {[%clk 0:08:49]} h6 {[%clk 0:05:36]}
29. Kb3 {[%clk 0:08:48]} Nd6 {[%clk 0:05:10]} 30. c4 {[%clk 0:07:23]} Kd7
{[%clk 0:03:49]} 31. c5 {[%clk 0:06:39]} bxc5 {[%clk 0:03:44]} 32. bxc5
{[%clk 0:06:42]} Nc8 {[%clk 0:03:26]} 33. Bb5+ {[%clk 0:05:55]} Kc7
{[%clk 0:03:24]} 34. Kc4 {[%clk 0:05:30]} Na7 {[%clk 0:01:29]} 35. h4
{[%clk 0:04:40]} g5 {[%clk 0:01:29]} 36. hxg5 {[%clk 0:04:08]} hxg5
{[%clk 0:01:28]} 37. Be8 {[%clk 0:03:50]} Kd8 {[%clk 0:01:09]} 38. Bf7
{[%clk 0:03:20]} Ke7 {[%clk 0:01:13]} 39. Bg6 {[%clk 0:03:23]} Kd7
{[%clk 0:01:17]} 40. g4 {[%clk 0:03:20]} Kc7 {[%clk 0:01:01]} 41. Be4
{[%clk 0:03:23]} Kd7 {[%clk 0:01:05]} 42. Kd4 {[%clk 0:02:36]} Nc6+
{[%clk 0:00:58]} 43. Kc4 {[%clk 0:02:40]} Na7 {[%clk 0:00:57]} 44. Bg6
{[%clk 0:02:28]} Ke7 {[%clk 0:00:33]} 45. Bh7 {[%clk 0:02:18]} Kd7
{[%clk 0:00:34]} 46. Bg8 {[%clk 0:02:17]} Ke7 {[%clk 0:00:38]} 47. Bh7
{[%clk 0:01:35]} Kd7 {[%clk 0:00:43]} 48. Be4 {[%clk 0:01:33]} Kc7 49. c6 Nxc6
50. Kb5 Nd4+ 51. Kxa5 f5 52. gxf5 1/2-1/2